000 00609nam a22002417a 4500
003 UA-OsUOA
001 124728
007 ta
008 20170822b un ||||| |||| 00| 0 ukr d
100 _aМарушкин В. П.
090 _a821.161.1
_bМ29
942 _cBK
040 _aUA-OsUOA
_brus
_cUA-OsUOA
_dUA-OsUOA
245 _aСонеты
300 _a100 с.
955 _a3
041 _arus
080 _a821.161.1
020 _a978-966-8273-37-7
260 _aЛуцк
_bВісник
_c2012
650 7 _a82 Література. Літературознавство
_2UDC
999 _c411876
_d411876